Odpadové hospodárstvo v podnikoch spoločného stravovania

Gespeichert in:
Bibliographische Detailangaben
1. Verfasser: Dendiš, Ľubomír
Format: Buchkapitel
Sprache:Slowakisch
Tags: Tag hinzufügen
Keine Tags, Fügen Sie das erste Tag hinzu!

MARC

LEADER 00000naa$a2200000$$$4500
001 0062156
005 20240502071711.6
041 0 |a slo 
044 |a SK 
245 1 0 |a Odpadové hospodárstvo v podnikoch spoločného stravovania  |c Ľubomír Dendiš 
100 1 |a Dendiš, Ľubomír